| 000 | 00880cam a22002773a 4500 | ||
|---|---|---|---|
| 001 | 14578 | ||
| 003 | PGUSA | ||
| 005 | 20140828083318.0 | ||
| 008 | 050103s2005||||xxu|||||s|||||000 | eng d | ||
| 040 |
_aPGUSA _beng |
||
| 042 | _adc | ||
| 050 | 4 | _aBX | |
| 100 | 1 |
_aHaslam, W. _q(William) |
|
| 245 | 1 | 0 |
_aFrom Death into Life ; _bor, Twenty Years of my Ministry _h[electronic resource] / _cW. Haslam |
| 260 |
_bProject Gutenberg, _c2005 |
||
| 506 | _aPublic domain in the USA. | ||
| 516 | _aElectronic text | ||
| 653 | _aCornwall (England : County) | ||
| 653 | _aChurch of England -- Clergy -- Biography | ||
| 653 | _aEvangelistic work -- England -- Cornwall -- History -- 19th century | ||
| 653 | _aChristianity -- Evangelism | ||
| 653 | _aHaslam, W. (William) | ||
| 830 | 0 |
_aProject Gutenberg _v14578 |
|
| 856 | 4 | 0 | _uhttp://www.gutenberg.org/ebooks/14578 |
| 942 | _cEB | ||
| 999 |
_c243833 _d243833 |
||